000 00494nam a2200181 4500
001 138917
003 ES-MaACL
005 20230906195651.0
007 t|
008 070214s1956 sp r ||||1| cat d
100 1 _aSaperas, Miquel.
_9103713
245 1 0 _aPoemes d'Italia /
_cMiquel Saperas ; portic de Pere Ribot.
250 _a2ª. ed.
260 _aBarcelona :
_bAltés,
_c1956.
300 _a71 p. ;
_c17 cm.
700 1 _aRibot, Pere.
_996837
852 _aES-MaACL
_jC-11945
_bR.39832
999 _c138917
_d138917